书目信息 |
| 题名: |
神话与民族精神
|
|
| 作者: | 谢选骏 著 | |
| 分册: | ||
| 出版信息: | 济南 山东文艺出版社 1986.10 |
|
| 页数: | 420页 | |
| 开本: | 21cm | |
| 丛书名: | 文化哲学丛书 | |
| 单 册: | ||
| 中图分类: | G02 | |
| 科图分类: | ||
| 主题词: | 文化哲学 | |
| 电子资源: | ||
| ISBN: | ||
| 000 | 00739nam0 2200241 45 | |
| 001 | 0404271750 | |
| 005 | 20040427171215.6 | |
| 010 | @dCNY2.95 | |
| 091 | @a10331.257 | |
| 100 | @a20040427d1986 km y0chiy0120 ea | |
| 101 | 0 | @achi |
| 105 | @a z 000yy | |
| 200 | 1 | @a神话与民族精神@AShen Hua Yu Min Zu Jing Shen@e几个文化圈的比较@EJi Ge Wen Hua Quan De Bi Jiao@f谢选骏著@FXie Xuan Jun Zhu |
| 210 | @a济南@c山东文艺出版社@d1986.10 | |
| 215 | @a420页@d21cm | |
| 225 | @a文化哲学丛书 | |
| 410 | @12001 @a文化哲学丛书 | |
| 517 | @a几个文化圈的比较@AJi Ge Wen Hua Quan De Bi Jiao | |
| 606 | 0 | @a文化哲学 |
| 690 | @aG02@v3 | |
| 701 | 0 | @a谢选骏@4著 |
| 801 | @aCN@bPftUser@c20040427 | |
| 905 | @f2@b247056-057@dG02@e11@b252431-436@f6 | |
| 神话与民族精神:几个文化圈的比较/谢选骏著.-济南:山东文艺出版社,1986.10 |
| 420页;21cm.-(文化哲学丛书) |
| ISBN :CNY2.95 |
| ● |
| 相关链接 |
|
|
|
|
正题名:神话与民族精神
索取号:G02/11
 
预约/预借
| 序号 | 登录号 | 条形码 | 馆藏地/架位号 | 状态 | 备注 |
| 1 | 0247056 | 000492782 | 密集书库/ [索取号:G02/11] | 在馆 | |
| 2 | 0247057 | 000492755 | 密集书库/ [索取号:G02/11] | 在馆 | |
| 3 | 0247058 | 000492746 | 第一样本阅览室/ [索取号:G02/11] | 在馆 | |
| 4 | 0252431 | 000491505 | 第四借阅区/ [索取号:G02/11] | 在馆 | |
| 5 | 0252432 | 000491514 | 密集书库/ [索取号:G02/11] | 在馆 | |
| 6 | 0252433 | 000491499 | 第四借阅区/ [索取号:G02/11] | 在馆 | |
| 7 | 0252434 | 000492773 | 第四借阅区/ [索取号:G02/11] | 在馆 | |
| 8 | 0252435 | 000492764 | 第四借阅区/ [索取号:G02/11] | 在馆 | |
| 9 | 0252436 | 000491523 | 第四借阅区/ [索取号:G02/11] | 在馆 |